000 00442nam a2200181Ia 4500
001 22535
005 20260414150838.0
008 260414t2005||||xx |||||||||||||| ||spa||
041 _aESP
082 _a621.382
_bF83F
100 _aFreeman, Roger L.
_eAUT
245 0 _aFundamentals of telecommunications
_b
260 _c2005
300 _axxiv, 675 páginas :
_c26 cm.
650 _aTCA
654 _aCET
942 _cLIB
_dJUS
_fJUS
_2ddc
_n
999 _c22535
_d22535